000 00582nam a2200229Ia 4500
003 OSt
005 20220924153330.0
006 a|||||r|||| 00| 0
007 ta
008 220923b |||||||| |||| 00| 0 guj d
024 _a347928
037 _cTextual
040 _aARTS
_cARTS
_bguj
041 _2guj
_aguj
082 _aO156,1M69,1, K2
100 _aThakar Balwant Rai
_9228547
245 0 _aMahara sonet
260 _c1962
650 _aGUJRATI LITERATURE
942 _hO156,1M69,1, K2
_cTEXL
_2CC
999 _c473187
_d473187